000 00419nam a2200181Ia 4500
001 13981
005 20260306164841.0
008 260306t2007||||xx |||||||||||||| ||spa||
041 _aESP
082 _a005.74
_bR76
100 _aRodríguez Penin, Aquilino
_eAUT
245 0 _aSistemas scada
260 _c2007
300 _a448 páginas :
_c24 cm.
650 _aGEN
654 _aCCC
942 _cLIB
_dJUS
_fJUS
_2ddc
_n
999 _c13981
_d13981